|
|
|
|
| LEADER |
00828ncm a22002292a 4500 |
| 001 |
001111244 |
| 003 |
CZ BrMZK |
| 005 |
20110602124608.0 |
| 007 |
qu |
| 008 |
020220s1920 gw f zxx d |
| 040 |
|
|
|a BOA001
|b cze
|
| 072 |
|
7 |
|a 787
|x Hudba pro strunné a smyčcové nástroje
|2 Konspekt
|9 9
|
| 100 |
1 |
|
|a Piatti, Alfredo Carlo,
|d 1822-1901
|7 xx0024688
|4 cmp
|
| 245 |
1 |
0 |
|a Dodici Caprici per il Violoncello, Op. 25
|h [hudebnina] /
|c Alfredo Piatti ; new edition by W. E. Whitehouse
|
| 250 |
|
|
|a New Edition
|
| 260 |
|
|
|a Berlin :
|b Simrock,
|c [1920?]
|
| 300 |
|
|
|a 35 s.
|
| 700 |
1 |
|
|a Whitehouse, W. E.
|q (William Edward),
|d 1859-1935
|7 mzk2011633512
|4 edt
|
| 910 |
|
|
|a BOA001
|b Mus4-0249.684
|
| 990 |
|
|
|a MU
|
| 991 |
|
|
|b 201008
|
| 996 |
6 |
|
|b 2619436229
|c Mus4-0249.684
|l MZK
|r Sklad / do 1 hodiny
|n 1
|w 001138736
|u 000010
|a 1
|e BOA001
|j MZK50
|s P
|